| 000 | 00436nam a2200157Ia 4500 | ||
|---|---|---|---|
| 008 | 220214s9999 xx 000 0 und d | ||
| 022 | _a0168-9452 | ||
| 245 | 0 | _aPLANT SCIENCE | |
| 247 | _aPlant Science Letters | ||
| 260 |
_bElsevier Science Ireland Ltd. _aUK |
||
| 310 | _a18y | ||
| 500 | _aEnding Volume & Year: 130, 1997 | ||
| 500 | _aMissing Volume: 36(1);41;128(1) | ||
| 500 | _aStarting Volume & Year: 36, 1984 | ||
| 942 | _cBJ | ||
| 999 |
_c15303 _d15303 |
||